Logo BPK

Biblioteka

Politechniki Koszalińskiej

Informacyjne systemy zarządzania : (Rekord nr 55277)

Szczegóły MARC
000 -ETYKIETA REKORDU
podpole kontrolne o stałej długości 00812nam a2200253 i 4500
001 - NUMER KONTROLNY REKORDU
pole kontrolne bg
015 ## - NUMER BIBLIOGRAFII NARODOWEJ
Numer bibliografii narodowej PB 26719/2007
020 ## - MIĘDZYNARODOWY ZNORMALIZOWANY NUMER KSIĄŻKI - ISBN
ISBN 9788373782693
040 ## - ŹRÓDŁO KATALOGOWANIA
Instytucja, która utworzyła rekord BPK
041 0# - KOD JĘZYKA
Kod języka tekstu pol
044 ## - KOD KRAJU WYDAWCY/PRODUCENTA
Kod kraju wydawcy/producenta POL
080 ## - UNIWERSALNA KLASYFIKACJA DZIESIĘTNA - UKD
UKD 004.65:005](075.8)
920 ## - Międzynarodowy znormalizowany numer książki – ISBN
ISBN 978-83-7378-269-3
008 - POLE O STAŁEJ DŁUGOŚCI - DANE KONTROLNE
podpole kontrolne o stałej długości 071016s2007 pl f f |000 0 pol
100 1# - NAZWA OSOBOWA
Nazwa osobowa Stefanowicz, Bogdan
Daty związane z nazwą (1937- ).
245 10 - TYTUŁ/ODPOWIEDZIALNOŚĆ
Tytuł Informacyjne systemy zarządzania :
Ciąg dalszy tytułu przewodnik /
Pozostałe elementy strefy tytułu i oznaczenia odpowiedzialności Bogdan Stefanowicz.
250 ## - STREFA WYDANIA
Oznaczenie wydania Wyd. 4 zm. i rozsz.
260 ## - STREFA ADRESU WYDAWNICZEGO
Miejsce wydania Warszawa :
Nazwa wydawcy/dystrybutora Szkoła Główna Handlowa. Oficyna Wydawnicza,
Data publikacji, dystrybucji/powstania dokumentu 2007.
300 ## - STREFA OPISU FIZYCZNEGO
Objętość 172 s. ;
Rozmiary 24 cm.
650 #9 - HASŁO PRZEDMIOTOWE W FORMIE NAZWY OGÓLNEJ LUB JEDNOSTKOWEJ
Nazwa ogólna lub geograficzna Systemy informatyczne zarządzania
655 ## - TERMIN INDEKSOWY - OKREŚLENIE RODZAJU/FORMY DOKUMENTU
Określenie rodzaju/formy dokumentu Podręczniki akademickie
856 ## - LOKALIZACJA I DOSTĘP DO ELEKTRONICZNYCH DOKUMENTÓW ZDALNYCH
Link (URL) http://koha.tu.koszalin.pl/cgi-bin/koha/opac-detail.pl?biblionumber=55277
Tekst linku Katalog online BPK
942 ## - DODATKOWE ELEMENTY (KOHA)
Typ dokumentu Książka
Egzemplarze
Wycofany Status egzemplarza Uszkodzony Dostępność Lokalizacja stała Lokalizacja bieżąca Miejsce przechowywania Sygnatura Kod kreskowy Dział Typ dokumentu
      Tylko na miejscu Biblioteka Politechniki Koszalińskiej Biblioteka Politechniki Koszalińskiej Czytelnia BG 88236 02421452 005.1 Teoria zarządzania Książka
      Tylko na miejscu Biblioteka Politechniki Koszalińskiej Biblioteka Politechniki Koszalińskiej Czytelnia Wydziałowa ul. Kwiatkowskiego 6e 88237 02421445 004 Informatyka Książka
      Dostępny Biblioteka Politechniki Koszalińskiej Biblioteka Politechniki Koszalińskiej Wypożyczalnia BG 88238 02421438   Książka
© 2023 Biblioteka Politechniki Koszalińskiej :: KOHA